Calculus : early transcendental functions
Uloženo v:
| Hlavní autor: | |
|---|---|
| Médium: | Kniha |
| Jazyk: | angličtina |
| Vydáno: |
Mcgraw-Hill Education
2018
|
| Tagy: |
Přidat tag
Žádné tagy, Buďte první, kdo vytvoří štítek k tomuto záznamu!
|
MARC
| LEADER | 00000nam a22000007a 4500 | ||
|---|---|---|---|
| 008 | 210615b ||||| |||| 00| 0 eng d | ||
| 020 | |a 9780077166472 | ||
| 100 | |a SMITH, Robert T. |a MINTON, Roland B |a RAFHI, ZIAD A. T. | ||
| 245 | |a Calculus |b : early transcendental functions |c Robert T. Smith, Roland B. Minton, Roland B. Rafhi |g xxiv,1114p.; ill. | ||
| 250 | |b 5th ed. | ||
| 260 | |b Mcgraw-Hill Education |c 2018 |h London |i 696208 |l QA303.Sm6 |m Calculus | ||
| 500 | |a It includes index | ||
| 942 | |a lcc |c BK |e Kuteyi M.A. |f 15/6/2021 | ||
| 952 | |0 0 |1 0 |2 lcc |4 0 |6 QA0303 S M6 |7 0 |9 2596 |a HOL |b HOL |c QZ |d 2021-06-15 |l 0 |o QA303.Sm6 |p 2021-6445 |r 2021-06-15 00:00:00 |w 2021-06-15 |y BK | ||
| 999 | |c 1360 |d 1360 | ||